Rôles Brad Pitt - Statistiques

Statistiques générales
  • Ce quiz a été pris 71 fois
  • Le résultat moyen est 11 sur 20
Statistiques - réponses
Par images Réponse % Correct
Fight Club
98%
Seven
83%
Once Upon a Time... in Hollywood
81%
Troie
78%
Bullet Train
75%
Babylon
73%
Fury
72%
Ocean's Eleven
63%
Snatch
61%
L'Etrange Histoire de Benjamin Button
59%
World War Z
58%
Inglourious Basterds
55%
Rencontre Avec Joe Black
50%
Le Stratège
47%
Mr. and Mrs. Smith
44%
Alliés
42%
The Big Short
39%
12 Years a Slave
33%
Sept Ans au Tibet
19%
Le Secret de la Cité Perdue
9%
Aucun quiz correspondant
Distribution des résultats
% des personnes avec chaque résultat
Percentile par nombre de réponses
Votre historique - résultats
Vous n’avez pas pris ce quiz